Science Quiz

Random Science Quiz
Score 0/8 Timer 04:00
0 Plays Today
Description Mechanism % Correct
denies a source of anxiety existsDenial
88.9%
banish the past from current awarenessRepression
85.2%
attributing an impulse to someone elseProjection
80.8%
a seemingly logical explanation for impulseRationalization
71.9%
producing the opposite of the impulseReaction Formation
66.9%
directs impulses toward constructive endsSublimation
63.7%
redirects impulse to a safe targetDisplacement
60.8%
impulses translated in non-arousing termsIntellectualization
25.6%
Remove Ads.
Support Sporcle.
Get the best of Sporcle when you Go Orange. This ad-free experience offers more features, more stats, and more fun while also helping to support Sporcle. Thank you for becoming a member.

You're not logged in!

Compare scores with friends on all Sporcle quizzes.
OR
Log In

Sporcle TV

Today on Sporcle TV


Watch our educational content, quiz creation guides, and fun videos on Sporcle TV.

Show Comments

Extras

Top Quizzes Today


Score Distribution

Paid Content

Your Account Isn't Verified!

In order to create a playlist on Sporcle, you need to verify the email address you used during registration. Go to your Sporcle Settings to finish the process.

Report this User

Report this user for behavior that violates our Community Guidelines.

Details: